• 首页
  • 本馆介绍
  • 公告通知
  • 最新文献
  • 馆藏检索
  • 电子资源
  • 读者导购
  • 参考咨询
  • 我的图书馆
  • 登录
  • 详细信息显示
  • 放入我的书架
  • 预约/预借图书
  • 作者相关作品
  • 分类相关作品
  • 丛书相关作品
  • 出版社相关作品

书目信息

  • 表格格式
  • 工作单格式
  • 卡片格式
题名:
哈里·杜鲁门
    
 
作者: 杜鲁门 著 ;南京大学历史系近现代英美对外关系研究室 译
分册:  
出版信息: 北京   三联书店  1976
页数: 299页
开本: 20cm
丛书名:
单 册:
中图分类: K837.127.5 , K837.12
科图分类:
主题词:
电子资源:
ISBN:
000 00872nam0 2200253 450
001 1562781827
005 20150120172654.48
010    @dCNY0.92
091    @a3002.180@d¥0.92
100    @a19951024d1976 em y0chiy0110 ea
101 1  @achi@ceng
102    @aCN@b110000
105    @ay z 000yb
200 1  @a哈里·杜鲁门@9ha li · du lu men@f(美)杜鲁门著@g南京大学历史系近现代英美对外关系研究室译
210    @a北京@c三联书店@d1976
215    @a299页@d20cm
600  1 @a杜鲁门@c(Truman, Harry S.@f1884~1972)@x传记
600  1 @2CT@3S016914@a杜鲁门@c(Truman, Harry S.@f1884~1972)
690    @aK837.127.5@v5
690    @aK837.12@v4
701  0 @a杜鲁门@9du lu men@4著
712 02 @a南京大学历史系近现代英美对外关系研究室@9nan jing da xue li shi xi jin xian dai ying mei dui wai guan xi yan jiu shi@4译
801  0 @aCN@bTSSF@c20150120
905    @aZUCC@dK837.12@eJY28
    
    哈里·杜鲁门/(美)杜鲁门著/南京大学历史系近现代英美对外关系研究室译.-北京:三联书店,1976
    299页;20cm
    
    
    ISBN :CNY0.92
    
●
相关链接 在E读中查询图书 在五车中查询图书 在当当中查询图书 在豆瓣中查询图书


正题名:哈里·杜鲁门     索取号:K837.12/JY28         预约/预借

序号 登录号 条形码 馆藏地/架位号 状态 备注
1 7836544   278365449   学院路分馆/ [索取号:K837.12/JY28] 在馆    
2 7836545   278365458   学院路分馆/ [索取号:K837.12/JY28] 在馆    
3 7836546   278365467   学院路分馆/ [索取号:K837.12/JY28] 在馆    
唐山师范学院图书馆 欢迎您!
大连网信软件有限公司© 版权所有